00398 2200157 4500001002100000008004100021035002000062245003800082100001600120260002600136300002200162020002200184084001400206082000800220990001200228INLIS000000000002867 IND  a0010-0925000214 aCinta Penuh Air MatacAster Putih aAster Putih aJakartabNuansac2016 a148c(13 x 19 cm) a978-602-6409-08-9 a813 AST c a813 a0755089